[Event "Villa Martelli"]
[Site "Villa Martelli"]
[Date "1997.06.01"]
[Round "1"]
[White "Sorokin, Maxim"]
[Black "Hoffman, Alejandro"]
[Result "1/2-1/2"]
[WhiteElo "2560"]
[BlackElo "2480"]
[Annotator "Ribli,Z"]
[PlyCount "65"]
[EventDate "1997.06.01"]
[EventType "tourn"]
[EventRounds "11"]
[EventCountry "ARG"]
[EventCategory "13"]
[SourceTitle "CBM 060"]
[Source "ChessBase"]
[SourceDate "1997.09.29"]
[SourceVersion "1"]
[SourceVersionDate "1997.09.29"]
[SourceQuality "1"]

{[%mdl 10304]} 1. c4 e6 2. g3 d5 3. Bg2 Nf6 4. Nf3 Be7 (4... dxc4 {Nach meiner
Meinung bietet diese Fortsetzung die beste Ausgleichsmöglichkeit für Schwarz.})
5. O-O O-O 6. d4 c6 {Die sogenannte geschlossene Variante der Katalanische
Verteidigung. Schwarz nimmt nicht auf c4, er möchte nur die Entwicklung
beenden und mit c6-c5 die Stellung ausgleichen.} 7. Qc2 Nbd7 8. b3 b6 9. Rd1 {
Ein guter Wartezug. Wenn Schwarz 9...Bb7 spielt, zieht Weiß 10.Nc3 und, wenn
Schwarz wie in der Partie 9...Ba6 zieht, dann folgt 10.Nbd2.} Ba6 10. Nbd2 Rc8
{[%cal Gc8c2]} 11. e4 {Weiß hat Übergewicht im Zentrum, aber Schwarz hat eine
feste Stellung. Die "Opposition" der Dame und des Turmes auf der c-Linie ist
unangenehm für Weiß.} c5 12. exd5 exd5 13. Bb2 (13. Qf5 $5 g6 14. Qh3 h5 (14...
b5 15. cxd5 c4 16. Ng5 Qb6 17. Nde4 Rfd8 18. Bf4 Bf8 19. d6 h6 20. Ne6 Nxe4 21.
Nxd8 Nxf2 22. Kxf2 Rxd8 23. bxc4 bxc4 24. Bxh6 Ne5 25. Be3 Nd3+ 26. Kg1 Re8 {
Stangl,M-Horvath,C/Balatonbereny 1996/0-1 (60)}) 15. Bb2 Rc7 (15... cxd4 16.
Bxd4 Nc5 17. Ne5 Rc7 18. Bf3 {1/2-1/2 Ninov,K-Popov,P/Bankia tt 1992}) 16. Bh1
Bb7 17. Re1 (17. Qf1 dxc4 18. Qxc4 Qa8 19. Bg2 Bd5 20. Qe2 Re8 {1/2-1/2 Goetz,
R-Neunhoeffer,H/BL9091 1991 (59)}) 17... Ng4 18. Rad1 Re8 19. Ne5 Ndxe5 20.
dxe5 d4 21. Bxb7 Rxb7 22. Qg2 Rc7 {Cifuentes Parada,R-Sosonko,G/NLD-ch 1992/1/
2-1/2 (59)}) (13. a4 Re8 14. Bb2 Bb7 15. Rac1 Qc7 16. Re1 dxc4 17. Nxc4 Qb8 18.
Nfe5 Bxg2 {Remis Tukmakov,V-Ribli,Z, Groningen PCA 1993}) 13... cxd4 (13... Re8
14. Qf5 (14. Rac1 cxd4 15. Nxd4 b5 16. Qb1 bxc4 17. bxc4 Ne5 18. cxd5 Rxc1 19.
Rxc1 Nxd5 20. Qe4 Bb4 21. Qxd5 Bxd2 22. Rd1 {1/2-1/2 Antunes,A-Flear,G/Andorra
op 1993}) 14... g6 (14... Nf8 15. Rac1 g6 16. Qb1 b5 17. cxd5 Qxd5 18. dxc5
Rxc5 19. Nd4 Qh5 20. Nc6 {1-0 Chekhov,V-Lputian,S/UR-chYM Riga 1980 (37)}) (
14... dxc4 15. bxc4 cxd4 16. Nxd4 Rc5 17. Qc2 Qc8 18. Rac1 Bb7 {1/2-1/2 Jurek,
J-Buturin,V/Decin op 1996 (29)}) 15. Qh3 b5 16. Ne5 bxc4 17. Nxd7 cxd4 18.
Nxf6+ Bxf6 19. bxc4 dxc4 20. Ne4 Bg7 {0-1 Griego,D-Vaganian,R/Philadelphia
World op 1994 (37)}) (13... Bb7 $5 14. Qf5 (14. Rac1 dxc4 15. Qxc4 cxd4 16.
Qxd4 Rxc1 17. Rxc1 Nc5 18. Ne5 Bxg2 19. Kxg2 Qa8+ 20. Ndf3 a5 21. Qc4 Nfe4 {
1/2-1/2 Kabatianski,A-Almasi,Z/BL 1996}) 14... g6 (14... dxc4 15. Nxc4 b5 16.
d5 (16. Nce5 $14 c4 17. bxc4 bxc4 18. Nxd7 Qxd7 19. Qxd7 Nxd7 20. Ne5 Bxg2 21.
Nxd7 Bf3 22. Nxf8 Bxd1 23. Rxd1 Kxf8 24. Bc3 Ke8 25. Kg2 Kd7 {1-0 Rotstein,
A-Lputian,S/Wijk op 1993 (63)}) 16... bxc4 17. d6 Re8 18. dxe7 Qxe7 19. bxc4
Rb8 20. Bc3 Qe4 21. Qxe4 Bxe4 {1/2-1/2 Beliavsky,A-Akopian,V/Madrid 1997 (43)})
15. Qh3 h5 {1/2-1/2 Tal,M-Lputian,S/Manila izt 1990}) (13... b5 14. cxd5 c4 15.
bxc4 bxc4 16. Ne5 Nxd5 17. Ne4 Nb4 18. Qc3 Nd3 19. Ba3 N7xe5 20. dxe5 Bxa3 21.
Qxa3 Qb6 22. Rab1 Bb5 23. Qc3 {1-0 Umanskaya,I-Ilinsky,V/Moscow-ch op 1995 (32)
}) (13... dxc4 14. d5 (14. bxc4 cxd4 15. Nxd4 Qc7 16. Nf5 Rfe8) 14... cxb3 15.
axb3 Be2 16. Re1 Bb5 17. Nh4 Re8 18. Rxa7 Bd6 19. Raa1 Ne5 20. Nc4 Nxc4 21.
bxc4 Bd7 {Cvitan,O-Godena,M/Geneve op (08)/1996/1/2-1/2 (80)}) 14. Nxd4 (14.
Qd3 dxc4 15. Nxc4 Bxc4 16. bxc4 Nc5 17. Qxd4 Qxd4 18. Nxd4 Na4 {1/2-1/2 Vadasz,
L-Almasi,I/Bela mem 1997}) 14... b5 {[%csl Rc4]} 15. Qf5 {Weiß opfert einen
Bauern, um aktives Figurenspiel zu erhalten.} (15. Rac1 bxc4 16. bxc4 Nb6 17.
Nf5 Nxc4 18. Nxc4 Rxc4 19. Qd2 $44) 15... bxc4 16. bxc4 Nb6 (16... Qb6 17. Rab1
dxc4 18. Ba3 (18. Ne4 g6 19. Qh3 Qa5 20. Bc3 Qa3 {1/2-1/2 Tatenhorst,V-Sosonko,
G/18th op, Bled SLO 1997}) 18... Bxa3 19. Rxb6 axb6 20. Nc6 Rfe8 21. Nb1 Bc5 {
1-0 Sosonko,G-Radulov,I/EU-chT Plovdiv 1983 (35)}) (16... Bxc4 17. Nxc4 Rxc4
18. Bxd5 {Auf diese Weise gewinnt Weiß das geopferte Material zurück, und hat
die bessere Figurenstellung.} Nxd5 19. Qxd5 Nb6 20. Qxd8 Bxd8 21. Nf5 {
Ghitescu,Th-Radulov,I/Bucuresti/1971/1-0 (58)}) (16... g6 $5 {Cifuentes} 17.
Qg5 dxc4 $1 18. Nc6 Rxc6 19. Bxc6 Qb6 20. Bxd7 Qxb2 21. Qe3 Qa3 $13) 17. cxd5
Na4 (17... Nbxd5 {Die Bauernstellung ist symmetrisch, aber Weiß hat zwei gute
Läufer auf den großen Diagonalen und aktives Figurenspiel.} 18. Ne4 (18. Ne6 $5
fxe6 (18... Qd7 19. Nxg7 $16) 19. Qxe6+ Kh8 20. Qxa6)) (17... Nfxd5 18. Ne4 $36
(18. Ne6 $2 fxe6 19. Qxe6+ Kh8 20. Nb3 Bf6) 18... Qd7 19. Qxd7 Nxd7 20. Nf5 {
[%csl Gb2,Gf5,Gg2,Rg7][%cal Gf5d6,Ge4d6,Gd1d7]}) (17... g6 {Dieser Zug
schwächt die schwarze Königsstellung.} 18. Qh3) 18. Rab1 Nxb2 19. Rxb2 $16 {
Weiß hat einen klaren Bauern mehr. Schwarz hat das Läuferpaar, aber das hat
jetzt keine Bedeutung. Der Punkt c6 ist eine positionelle Schwäche.} Bc5 20.
Nc6 {[%csl Gc6]} (20. N2b3 Bxd4 21. Nxd4 $16) 20... Qd6 {Die schwarze Dame
blockiert gut den weißen Freibauern, aber das bringt keine vollwertige
Kompensation.} 21. Ne4 Nxe4 22. Bxe4 g6 23. Qf3 (23. Qg5 $2 Rxc6 24. dxc6 Qxd1+
) 23... f5 24. Bd3 Bxd3 25. Rxd3 {Der weiße Vorteil ist zweifelsfrei, aber
Weiß hat einige technische Probleme. Der d-Bauer ist nicht beweglich und der
schwarze Läufer steht aktiv.} f4 $1 26. g4 Rce8 27. Re2 Qf6 (27... Rxe2 28.
Qxe2 f3 29. Qe6+ $5 (29. Rxf3 Qxd5 30. Rxf8+ Kxf8 $14 {[%csl Gc5,Gd5] Die
schwarze Figuren sind aktiv, und der weiße Springer hat keine Ziele.}) 29...
Qxe6 30. dxe6 $16) 28. Rxe8 Rxe8 29. d6 $4 {Ein unglaublicher taktischer
Fehler.} (29. Kg2 $16) 29... Bxd6 30. Qd5+ {Es scheint, daß Weiß gewinnt, aber
Schwarz hat eine einzige Verteidigung.} Qe6 (30... Re6 31. Nd4 $18) 31. Qxd6 (
31. Qxe6+ Rxe6 32. Nxa7 Bc5 33. Rd8+ Kf7 34. Rd7+ Ke8 35. Rxh7 Re2 {[%csl Rf2]}
) 31... Qxg4+ $11 {Ich glaube, daß Weiß diese Möglichkeit nicht gesehen hat,
als er 29.d6 spielte.} 32. Kf1 Qe2+ 33. Kg1 1/2-1/2

[Event "EU-chT (Men) 15th"]
[Site "Gothenburg"]
[Date "2005.08.04"]
[Round "6.1"]
[White "Georgiev, Kiril"]
[Black "Johannessen, Leif Erlend"]
[Result "1-0"]
[WhiteElo "2666"]
[BlackElo "2543"]
[Annotator "Ribli,Z"]
[PlyCount "97"]
[EventDate "2005.07.30"]
[EventType "team-swiss"]
[EventRounds "9"]
[EventCountry "SWE"]
[SourceTitle "CBM 109"]
[Source "ChessBase"]
[SourceDate "2005.11.14"]
[SourceVersion "1"]
[SourceVersionDate "2005.11.14"]
[SourceQuality "1"]
[WhiteTeam "Bulgaria"]
[BlackTeam "Norway"]
[WhiteTeamCountry "BUL"]
[BlackTeamCountry "NOR"]

1. Nf3 Nf6 2. g3 d5 3. Bg2 e6 4. O-O Be7 5. d4 O-O 6. c4 Nbd7 7. Qc2 c6 {
Wir haben die Grundstellung der geschlossenen Variante in der katalanischen
Verteidigung erreicht; die schwarze Hauptstrategie ist, die Entwicklung zu
beenden, c6-c5 ziehen und das Spiel auszugleichen} 8. b3 b6 9. Rd1 (9. Nc3 Ba6
10. Nd2 Rc8 11. Bb2 b5 12. a4 bxc4 13. bxc4 dxc4 14. Rfd1 Nd5 15. Nf3 Qa5 {
0-1 Storland,K-Johannessen,L/Langesund 2001/(22)}) 9... Ba6 10. Nbd2 c5 {
Statt der schablonenhaften Fortsetzung 10...Rc8 möchte Schwarz die Situation
im Zentrum klären.} (10... Rc8 11. e4 c5 12. exd5 exd5 13. Nf1 dxc4 (13... cxd4
14. Nxd4 b5 15. Ne3) 14. d5) 11. e4 dxc4 12. Nxc4 cxd4 13. e5 $5 (13. Nxd4 Rc8
14. e5 Nd5 15. Qb2 $3 Bxc4 16. bxc4 Rxc4 17. Bxd5 $1 exd5 18. Nf5 Rb4 (18...
Bb4 19. Rxd5 Qc7 20. Rb1 Nc5 {[%csl Gc5][%cal Gc5a4,Gc5e6]} 21. Bd2 Na4 22. Qb3
Bxd2 23. Rxd2 Nc3 24. Re1 Re4 $1 $11 {[%csl Re5] 1/2-1/2 Yakovich,Y-Frolyanov,
D/Sochi 2005/CBM 107/[Ribli] (28)}) 19. Qa3 $1 Bc5 20. Qxa7 Nxe5 21. Ba3 Rb5 {
1/2-1/2 Konopka,M-Horvath,C/Kraig 2003 (39)}) 13... Nd5 14. Rxd4 Rc8 15. a4 Qc7
16. Bb2 (16. Rg4 h5 17. Ng5 Bxg5 18. Rxg5 Bxc4 19. bxc4 Qxc4 {[%csl Gd5][%cal
Gc8c1]} 20. Qd2 Qc2 $1 21. Rxh5 Qxd2 22. Bxd2 Rc4 {[%csl Gc4,Gd5][%cal Gf8c8,
Gc8c2] 0-1 Groenn,A-Johannessen,L/Gausdal 2004/CBM 104/[Ribli Zoltan] (43)})
16... Nc5 17. Nd6 $146 {[%mdl 4] Das ist die weiße - natürlich vorbereitete -
Neuerung. Weiß opfert einen Bauern für aktives Spiel} (17. Rc1 Qb8 18. Ba3 Rfd8
19. Qb1 Rd7 20. h4 h6 21. h5 b5 22. axb5 Qxb5 23. Nd6 Bxd6 24. exd6 Qa5 25. Qb2
Qb6 26. Rg4 f6 $15 {0-1 Dannevig,O-Johannessen,L/Kristiansund 2001/ (32)})
17... Nb7 {Schwarz nimmt nicht den Bauern, er möchte den d6-Springer tauschen.}
(17... Bxd6 $5 18. exd6 Qxd6 19. Ng5 (19. Qd1) (19. Ba3) 19... Nd3 (19... f5
20. Qd1 $44 {[%cal Gb3b4]}) 20. Qb1 Qe7 21. Nxh7 Rfd8 $13) 18. Qxc7 Rxc7 19.
Ba3 (19. Nxb7 Bxb7 $15) (19. Nb5 Bxb5 20. axb5 Na5 21. Rd3 Rc2 $11) 19... Rd7 (
19... Nc5 $5) 20. Nxb7 Bxa3 (20... Bxb7 21. Bxe7 Rxe7 22. Rc1 $14) 21. Rxa3
Bxb7 22. Nd2 {[%cal Gd2c4,Gc4d6]} Rfd8 (22... f6 {Mit diesem Zug schwächt
Schwarz ein wenig seine Bauernstruktur am Königsflügel, aber er kann sich vom
e5-Bauern befreien.} 23. exf6 (23. f4 fxe5 24. fxe5 Rdf7) (23. Nc4 Rc7 24. exf6
gxf6 25. Ra1 $11) 23... gxf6 24. Ra1 $11) 23. Nc4 Nb4 24. Rxd7 Rxd7 25. Bxb7
Rxb7 26. Ra1 $14 {[%mdl 4096]} Kf8 (26... Rd7 27. Nd6 $14) 27. Kf1 Rc7 28. Ke2
Ke7 29. f4 Nc6 30. Rd1 Na5 $2 (30... Rd7 31. Nd6) (30... f6 $142) 31. Nxa5 bxa5
32. Rd6 $1 {[%cal Rd6a6,Ra6a7,Ra6a5] Die Turmeindringung ist sehr stark; es
droht 33.Ra6, wonach Weiß beide schwarzen a-Bauern angreifen kann.} Rb7 (32...
Rc2+ 33. Kd3 Rxh2 34. Ra6 Rg2 35. Rxa5 Rxg3+ 36. Kc4 Rf3 37. Rxa7+ Ke8 38. a5
Rxf4+ 39. Kc5 Re4 40. Kd6 Rd4+ 41. Kc6 h5 42. a6 $18) 33. Ra6 Rxb3 34. Rxa7+
Kf8 35. Rxa5 Rb2+ 36. Kd3 Rxh2 37. Rc5 $16 {[%csl Ga4] Der weiße a-Bauer ist
sehr stark; früher oder später muss Schwarz den Turm gegen den a-Bauern geben.}
Rg2 38. a5 Rxg3+ 39. Kc4 Ra3 40. Kb5 g5 {Mit diesem Bauernopfer aktiviert
Schwarz seinen König, aber das hilft nichts, Weiß ist viel schneller am
Damenflügel.} (40... h5 41. a6 h4 42. Rc8+ Ke7 43. Rc7+ Kf8 (43... Kd8 44. Rxf7
$18) 44. a7 $18) 41. fxg5 Kg7 42. a6 Kg6 43. Kb6 {[%cal Rc5a5]} Kxg5 44. Ra5
Rd3 45. Kc7 (45. a7 Rd8 46. a8=Q Rxa8 47. Rxa8 h5 (47... Kf4 48. Rf8 Kxe5 49.
Rxf7 $18) 48. Kc5 $18) 45... Rc3+ 46. Kd7 Rd3+ 47. Ke7 Rc3 48. a7 (48. Kxf7 Kf5
49. a7 Rc7+ 50. Kg8 Rc8+ 51. Kxh7 Ra8 52. Kg7 $18) 48... Rc7+ 49. Kd6 1-0

[Event "Bundesliga 0506"]
[Site "Germany"]
[Date "2006.01.28"]
[Round "8.1"]
[White "Kasimdzhanov, Rustam"]
[Black "Richter, Michael"]
[Result "1-0"]
[WhiteElo "2670"]
[BlackElo "2407"]
[Annotator "Ribli,Z"]
[PlyCount "91"]
[EventDate "2005.10.21"]
[EventType "team-tourn"]
[EventRounds "15"]
[EventCountry "GER"]
[SourceTitle "CBM 111"]
[Source "ChessBase"]
[SourceDate "2006.04.04"]
[SourceVersion "1"]
[SourceVersionDate "2006.04.04"]
[SourceQuality "1"]
[WhiteTeam "Godesberg"]
[BlackTeam "Zehlendorf"]
[WhiteTeamCountry "GER"]
[BlackTeamCountry "GER"]

1. Nf3 d5 2. d4 e6 3. g3 Nf6 4. Bg2 Be7 5. O-O Nbd7 6. c4 c6 7. Qc2 O-O 8. Nbd2
{Diese Variante wird selten gespielt; die Alternative 9.b3 b6 10.Rd1 ist
populärer und im Falle von 10...Bb7 kann Weiß seinen Springer nach c3
entwickeln.} b6 9. e4 {Das ist die Hauptidee der Variante 8.Nbd2 - Weiß möchte
schnell e4 spielen.} Bb7 10. e5 Ne8 11. cxd5 cxd5 (11... exd5 {wäre die andere
Möglichkeit und Schwarz kann den Springer über c7 nach e6 überführen.}) 12. Re1
{Ein nützlicher, weil prophylaktischer Zug, nun kann Weiß Nf1 oder Bf1 spielen.
} Rc8 13. Qd1 {Die Alternative 13.Qa4 ist ebenfalls spielbar.} (13. Qa4 a5 (
13... Bc6 14. Qb3 b5 15. Bf1 Qb6 16. Bd3 b4 17. Nf1 h6 18. Bb1 Bb5 19. Ne3 f5
20. Ng2 Rf7 21. h4 Nf8 22. Be3 a5 23. Qd1 {1-0 Kozul,Z-Kovacevic,B/Vukovar
2005/(70)}) 14. Bf1 Bc6 15. Qd1 Nc7 16. Bd3 Bb5 17. Bb1 Re8 18. h4 Nf8 $11 {
1/2-1/2 Stefanova,A-Pelletier,Y/Athens GRE 2005/CBM 107/[Ribli Zoltan] (41)})
13... Qc7 14. Nf1 Qc2 15. Qxc2 Rxc2 16. Ne3 Rc8 17. Bd2 (17. Bf1 Nc7 18. Bd3
Ba6 19. Bc2 Nb8 20. a3 Nb5 21. Bd2 Nc6 22. Bc3 Nxc3 23. bxc3 Na5 {. 1/2-1/2
Lukov,V-Dizdar,G/Montpellier 1997/CBM 107/[Ribli Zoltan] (27)}) 17... Nc7 18.
Rac1 {Weiß besitzt Raumvorteil im Zentrum, aber Schwarz hat keine Schwächen.
Diese Stellung erinnert mich ein wenig an die Französische Verteidigung.} (18.
Bh3 Na6 19. Rec1 Rxc1+ 20. Rxc1 Rc8 21. Rxc8+ Bxc8 22. Ne1 Nc7 23. f4 Nb8 24.
Kf2 Nc6 25. N3c2 Ba6 {0-1 Kozul,Z-Dizdar,G/Sarajevo 1988/CBM 08 (61)}) 18...
Ba6 {Schwarz möchte seine Läuferstellung verbessern, aber nach dem Textzug
bleibt der c7N passiv. Nach meiner Meinung ist die Fortsetzung von Reshevsky
18...Na6 die beste Wahl für Schwarz.} (18... Na6 19. a3 Nab8 $5 20. Bf1 Ba6 21.
Bxa6 Nxa6 22. Rxc8 Rxc8 23. Rc1 Rxc1+ 24. Bxc1 Nab8 {1/2-1/2 Addison,
W-Reshevsky,S/Maribor 1967/EXT 99 (42)}) 19. h4 b5 $6 (19... Bd3 $6 20. Rc3 Be4
21. Rec1 Bd8 22. Ng5 $16) (19... Na8 $5) 20. Bf1 $1 $14 {[%csl Rc7][%cal Gf1a6,
Gc1c8]} Nb6 (20... b4 $2 21. Rxc7 $18) 21. b3 {Weiß muss 21...Nc4 verhindern.}
Ba3 22. Rc2 Nca8 23. Bd3 Rc7 (23... Rxc2 24. Nxc2 Be7 25. Bb4 $16) 24. Rxc7
Nxc7 25. Nc2 $1 {[%csl Yb4][%cal Gc2a3,Gc2b4][%mdl 32]} Be7 26. Nb4 {[%csl Gb4,
Yc6][%cal Gb4a6,Gb4c6]} (26. Bb4 Bxb4 27. Nxb4 Bb7 28. Rc1 Rc8 29. Nc6 Bxc6 30.
Rxc6 $16) 26... Bb7 (26... Bxb4 27. Bxb4 $16) 27. Rc1 {Stufenweise verbessert
Weiß seine Stellung, er dominiert am Damenflügel.} Rc8 28. Nc6 Bxc6 29. Rxc6 b4
30. Ne1 $16 {[%csl Rb4,Gd2,Gd3][%cal Ge1c2,Gc2b4] Der Springer zielt auf das
Feld c2, der schwarze Bauer auf b4 angegriffen ist. Das weiße Läuferpaar ist
stark.} (30. Ng5 h6 31. Nh3 $14) 30... Nca8 31. Rxc8+ Nxc8 32. Ba6 {[%mdl 4096]
} Ncb6 (32... Nab6 33. Nd3) 33. Nc2 Nc7 34. Bxb4 $1 (34. Bd3 $2 a5 $14) 34...
Bxh4 {Auf diese Weise gewinnt Schwarz den Bauern zurück.} (34... Bxb4 35. Nxb4
$18) (34... Nxa6 35. Bxe7 $18) 35. Bd3 {[%csl Ga2,Gb3] Mit Läuferpaar und
Bauernmehrheit am Damenflügel hat Weiß Positionsvorteil, hingegen Schwarz
keine Möglichkeiten auf Ausgleich.} Bd8 36. f4 f5 37. Bd6 Nd7 (37... Ne8 38.
Bc5) 38. Kf2 Kf7 (38... Ne8 39. Bc5 (39. Bb5 Nxd6 40. Bxd7 Ne4+ $11)) 39. Ke3
h5 40. Be2 g6 41. Ne1 $1 {[%cal Ge1f3,Gf3g5]} Ne8 42. Bb4 Nb8 43. Nf3 {Die
schwarze Stellung ist gefesselt, Weiß dominiert das Spielgeschehen.} Nc6 44.
Bc5 Be7 45. Bb5 $18 {[%csl Re6,Rf7][%cal Gf3g5,Rb5e8]} Bxc5 (45... Nb4 46. Bxb4
Bxb4 47. Ng5+ Ke7 48. Bxe8 Kxe8 49. Nxe6 $18) (45... Bxc5 46. Ng5+ (46. dxc5
Nd8 47. b4 $18) 46... Ke7 47. Bxc6 $18) 46. Ng5+ (46. Ng5+ Ke7 47. Bxc6 Ba3 48.
Bxe8 Kxe8 49. Nxe6 $18) 1-0

[Event "RUS-Cup03 Geller Memorial"]
[Site "Moscow"]
[Date "1999.02.10"]
[Round "9"]
[White "Rustemov, Alexander"]
[Black "Nikolenko, Oleg"]
[Result "1-0"]
[WhiteElo "2539"]
[BlackElo "2510"]
[Annotator "Ribli,Z"]
[PlyCount "61"]
[EventDate "1999.02.10"]
[EventType "swiss"]
[EventRounds "9"]
[EventCountry "RUS"]
[SourceTitle "CBM 070"]
[Source "ChessBase"]
[SourceDate "1999.06.08"]
[SourceVersion "1"]
[SourceVersionDate "1999.06.08"]
[SourceQuality "1"]

{[%mdl 10240]} 1. d4 Nf6 2. c4 e6 3. g3 Bb4+ 4. Bd2 Be7 {Diese Variante ist in
letzter Zeit sehr beliebt. Die schwarze Hauptidee ist, daß der weiße Läufer
auf d2 schlechter steht als auf b2, wobei der Tempoverlust ohne Bedeutung ist.
Ribli.} 5. Bg2 d5 6. Nf3 O-O 7. Qc2 c6 8. O-O Nbd7 9. Bf4 Nh5 {Dieser Zug ist
nicht logisch. Weiß kann zu den normalen Hauptvarianten übergehen.} 10. Bc1
Nhf6 {Jetzt wir haben die Grundstellung der Geschlossenen Variante der
Katalanischen Eröffnung mit beiderseitigen Tempoverlusten erreicht.} 11. Nbd2 {
Meines Erachtens ist es besser, zuerst 11.b3 zu spielen und nach 11...b6 noch
den Abwartezug 12.Rd1. Wenn Schwarz dann 12...Ba6 spielt, kann Weiß 13.Nbd2
spielen, auf 12...Bb7 hätte er aber noch 13.Nc3.} b6 12. e4 Ba6 (12... Bb7 $5 {
Wenn Weiß schon Nbd2 gespielt hat, wäre das die logische Fortsetzung.} 13. e5
Ne8) 13. b3 Rc8 14. Bb2 (14. Rd1 c5 15. exd5 exd5 16. Qf5 Rc7 $5) 14... c5 15.
exd5 exd5 16. Qf5 $5 g6 17. Qh3 Rc7 {[%cal Ga6c8,Gc8h3] Schwarz hält die
Spannung und droht in einigen Varianten ...Bc8, um auf h3 zu zielen.} (17...
cxd4 18. Nxd4 Nc5 19. Rad1 Re8 (19... Nd3 $6 20. Ba1) 20. N2f3 Nce4 21. Ne5 $14
{1-0 Kochyev,A-Shaposhnikov,V/RUS-Cup1/ 1996/ (41)}) (17... h5 $5 {Nach diesem
Zug wäre die Beweglichkeit der weißen Dame eingeschränkt und in einigen
Varianten kommt Schwarz mit ...Ng4.}) 18. dxc5 (18. Rfe1 Bc8 19. Qh6 Ng4 20.
Qf4 Ndf6 $13) 18... bxc5 $2 {Das ist ein schwerer Fehler. Es war besser, mit
dem Springer zu nehmen.} (18... Nxc5 19. Qh6 Re8 20. Be5 (20. Ne5 Bf8 21. Qh4
Bg7 22. Rad1 $14) 20... Rd7 21. Bh3 Ne6 22. Rfe1 dxc4 23. Bxe6 fxe6 24. Ne4 {
1-0 Gelfand,B-Sorokin,M/USSR/1986/ (41)}) 19. Ng5 {Die weißen Hauptdrohungen
sind 20.Ne6, 20.cxd5 und 20.Bxd5. Schwarz kann sich nicht gegen diese
vielseitigen Drohungen verteidigen.} d4 (19... Bc8 20. cxd5 $16) {[#]} 20. Ne6
$1 {[%cal Re6c7,Re6d8,Re6f8]} fxe6 21. Qxe6+ $16 {[%cal Re6a6,Re6g8]} Kg7 22.
Qxa6 {Weiß hat einen gesunden Mehrbauern.} Nb6 (22... Ne5 23. Ba3 $16) 23. Rad1
Nfd7 24. Rfe1 {[%cal Ge1e7]} Rf6 {[%cal Gf6a6]} 25. Qa5 {Weiß hat leichte
Probleme mit der Aufstellung seiner Dame. Das ist aber beiweitem keine
Kompensation für Schwarz.} (25. Ne4 Re6 26. f4 $16) 25... Nb8 26. b4 $1 {
[%csl Rg7][%cal Gb2g7] Weiß möchte die Diagonale a1-h8 öffnen.} Nc6 (26... cxb4
27. Qe5 {[%csl Rd4,Rf6,Rg7][%cal Gb2g7]} Bc5 28. Ne4 {[%csl Rc5,Ge4,Rf6,Rg7]}
N8d7 (28... Nxc4 29. Qxf6+ Qxf6 30. Nxf6 $18 {[%cal Rf6e8,Re8c7,Re8g7]}) 29.
Rxd4 $1 {[%cal Gb2g7]} Bxd4 30. Qxd4 $18) 27. Bxc6 {Weiß muß den katalanischen
Läufer tauschen, aber jetzt ist die andere Diagonale wichtiger.} Rfxc6 28. Re4
{[%cal Gb2g7]} Kg8 29. Rde1 $18 {[%cal Ge1e7] Weiß hat überlegenen Angriff.}
Nc8 30. Qa4 Nb6 (30... cxb4 31. Rxd4 Rd6 32. Rxd6 Nxd6 33. Qa5 $18 {[%csl Rg8]}
Nxc4 34. Nxc4 Rxc4 35. Qe5 $18 (35. Qxd8+ Bxd8 36. Re8+ $18 {[%cal Re8g8,Re8d8]
})) 31. Qb3 {[%csl Rg8] Schwarz gab in hoffnungsloser Lage auf.} (31. Qb3 Nc8 (
31... cxb4 32. c5+ {[%cal Rb3g8,Rc5b6]} Nd5 33. Rxe7 Rxe7 34. Rxe7 Qxe7 35.
Qxd5+ $18) 32. bxc5 $18) 1-0